Loading...
Women and the genesis of christianity
| Hovedforfatter: | |
|---|---|
| Udgivet: |
Cambridge, University Press
1990
|
| Fag: |
| LEADER | 004770000a22001570004500 | ||
|---|---|---|---|
| 020 | |a 0-521-36735-2 | ||
| 082 | |a 225.830 542 N0 | ||
| 100 | |a Witherington, Ben | ||
| 245 | |a Women and the genesis of christianity | ||
| 260 | |a Cambridge, University Press | ||
| 260 | |c 1990 | ||
| 650 | |a Bible | ||
| 650 | |a Society | ||
| 650 | |a Women | ||
| 999 | |c 89761 |d 89761 | ||
| 952 | |0 0 |1 0 |4 0 |6 225_830000000000000_542_N0 |7 0 |9 82095 |a SBES |b SBES |d 2016-08-12 |l 0 |o 225.830 542 N0 |p SBES00557 |r 2016-08-12 |w 2016-08-12 | ||